Stadtentwicklung in der DDR.

Mapovanie situácie straty kvality života v dôsledku fyzického opotrebovania miest a mestských území a s tým spojenej vybavenosti ekonomiky a obyvateľstva. Stav bytového fondu, odporúčania na vyvážený rozvoj miest, opatrenia zamerané na stimulovanie súkromných záujmov zameraných na odbúranie nahromad...

Descrizione completa

Salvato in:
Dettagli Bibliografici
Autore principale: Pfau, W.
Natura: Capitolo di libro
Lingua:tedesco
Soggetti:
Tags: Aggiungi Tag
Nessun Tag, puoi essere il primo ad aggiungerne!!

MARC

LEADER 00000naa a2200000 4500
001 r003244
005 20220819192903.5
041 0 |a ger 
044 |a DE 
245 1 0 |a Stadtentwicklung in der DDR.  |c W. Pfau 
520 |a Mapovanie situácie straty kvality života v dôsledku fyzického opotrebovania miest a mestských území a s tým spojenej vybavenosti ekonomiky a obyvateľstva. Stav bytového fondu, odporúčania na vyvážený rozvoj miest, opatrenia zamerané na stimulovanie súkromných záujmov zameraných na odbúranie nahromadených sanačných potrieb. 
610 2 0 |a mestá 
610 2 0 |a NDR 
610 2 0 |a fond bytový 
100 1 |a Pfau, W.